000 00731nam0a2200253 4500
001 RU\NLR\BIBL_A\011973130
005 20250626161826.0
010 _94000
035 _a(NLR Aleph) 011973130
090 _a13422066
_c13422066
100 _a20190327d1987 |||y0rusy50 ca
101 0 _aaze
102 _aAZ
105 _aa z 000 y
200 1 _aИшыг сели
_eше'рләр
_fВагиф Кәримов
210 _aБакы
_cJазычы
_d1987
215 _a63 с.
_cшәк.
_d16
541 1 _aПоток света
_eстихи
686 1 _aШ6(2=Аз)7-5
700 1 _aКеримов
_bВ. А.
_gВагиф Ахад оглы
_4070
852 _aNLR
_bОНЛ
_jАзерб./2-22368
942 _cBOOK
980 _aNB